Beste Champions League Torschützen FC Barcelona - Statistiken

Allgemein
  • Dieses Quiz wurde 1.231 mal gespielt
    83 seit der letzten Aktualisierung
  • Das Durchschnittsergebnis liegt bei 26 aus 40
Antwortstatistiken
Saison Nationalität Tore Spieler % Korrekt
2020/21 Argentinien 5 Lionel Messi
97%
2018/19 Argentinien 12 Lionel Messi
97%
2017/18 Argentinien 6 Lionel Messi
97%
2016/17 Argentinien 11 Lionel Messi
97%
2014/15 Argentinien 10 Lionel Messi
97%
2013/14 Argentinien 8 Lionel Messi
97%
2012/13 Argentinien 8 Lionel Messi
97%
2011/12 Argentinien 14 Lionel Messi
97%
2010/11 Argentinien 12 Lionel Messi
97%
2009/10 Argentinien 8 Lionel Messi
97%
2008/09 Argentinien 9 Lionel Messi
97%
2007/08 Argentinien 6 Lionel Messi
97%
2019/20 Uruguay 5 Luis Suárez
95%
2015/16 Uruguay 8 Luis Suárez
95%
2023/24 Polen 3 Robert Lewandowski
95%
2022/23 Polen 5 Robert Lewandowski
95%
2025/26 Spanien 6 Lamine Yamal
92%
2014/15 Brasilien 10 Neymar
91%
2024/25 Brasilien 13 Raphinha
83%
2023/24 Brasilien 3 Raphinha
83%
2005/06 Brasilien 7 Ronaldinho
83%
2004/05 Brasilien 4 Ronaldinho
83%
2023/24 Spanien 3 Ferran Torres
81%
2004/05 Kamerun 4 Samuel Eto'o
79%
2000/01 Brasilien 6 Rivaldo
60%
1999/00 Brasilien 10 Rivaldo
60%
1994/95 Bulgarien 3 Hristo Stoichkov
39%
2023/24 Portugal 3 João Félix
39%
2025/26 Spanien 6 Fermín López
35%
1993/94 Niederlande 8 Ronald Koeman
35%
2001/02 Niederlande 6 Patrick Kluivert
29%
1994/95 Brasilien 3 Romário
29%
2021/22 Spanien 1 Piqué
18%
2006/07 Island 3 Eiður Guðjohnsen
17%
2021/22 Spanien 1 Ansu Fati
13%
2002/03 Argentinien 7 Javier Saviola
9%
1997/98 Spanien 3 Luis Enrique
4%
1994/95 Spanien 3 Bakero
3%
1992/93 Spanien 2 Begiristáin
1%
1998/99 Brasilien 4 Sonny Anderson
1%
Keine übereinstimmenden Quizze gefunden
Verteilung der Resultate
Anzahl Personen mit jedem Resultat
Perzentil nach korrekt beantworteten Fragen
Ihre Resultats-Entwicklung
Sie haben dieses Quiz seit der letzten Aktualisierung nicht gespielt